00566nam a2200193Ia 4500003000400000005001700004008004100021040000700062041000800069082001600077100002200093245002500115260003800140300000900178650002200187942001300209999001900222952013100241OSt20250819123045.0250729s2004 xx 000 0 und d cAL aeng a370.78 GUPR aSingh U K9221485 aTeaching of commerce aNew DelhibA P H Publishingc2004 a210p aEducation9221486 2ddccBED c235033d235033 00104070aALbALd2025-07-29eSita Book Houseg150.00l0o370.78 GUPRpBED00352r2025-07-29 16:53:40v150.00w2025-07-29yBK